| 000 | 01068nam a2200277 i 4500 | ||
|---|---|---|---|
| 001 | 12198 | ||
| 003 | ES-MaACL | ||
| 005 | 20250831103611.0 | ||
| 007 | t| | ||
| 008 | 920218s1991 sp a ||||0| spa j | ||
| 020 | _a84-86844-58-4 | ||
| 080 | _a726.54(460.183 Moarves de Ojeda) | ||
| 080 | _a726.54(460.183 Cozuelos de Ojeda) | ||
| 100 | 1 |
_aGarcía Guinea, Miguel Ángel. _954740 |
|
| 245 | 1 | 0 |
_aMoarves, Iglesia de San Juan _b: Olmos de Ojeda, Santa Eufemia de Cozuelos / _cMiguel A. García Guinea. |
| 260 |
_aPalencia : _bDiputación Provincial, Departamento de Cultura, _c1991. |
||
| 300 |
_a41 p : _bil. col ; _c22 cm. |
||
| 490 | 1 |
_aRaíces palentinas ; _v7 |
|
| 610 | 2 | 4 |
_aIglesia de San Juan Bautista (Moarves de Ojeda) _94678 |
| 610 | 2 | 4 |
_aMonasterio de Santa Eufemia de Cozuelos (Palencia) _94682 |
| 710 | 1 |
_aPalencia (Provincia). _bDiputación Provincial. _96107 |
|
| 740 | 0 | _aOlmos de Ojeda, Santa Eufemia de Cozuelos. | |
| 830 | 0 |
_aRaíces palentinas ; _v7 _9228263 |
|
| 852 |
_aES-MaACL _j2151-F-11 |
||
| 999 |
_c12198 _d12198 |
||